000 00886nam a22002777a 4500
001 7196
003 FISKH
005 20250702101356.0
008 250702b cb ||||| |||| 00| 0 eng d
040 _aFISKH
_beng
_cFISKH
_d523.4 LCC QB602 .W56
050 _aQB602 .W56
082 _a523.4
100 _aWinthrop, Elizabeth
245 _aMy first book of the planets /
_cBy Elizabeth Winthrop ; Illustrated by John Nez
260 _aNew York :
_bWestern Publishing Company,
_c1985.
300 _a24 unnumbered pages :
_bcolor illustrations ;
_c20 cm
490 _aA little golden book
505 _aK
520 _aIntroduces the characteristics of the sun, moon, and planets.
521 8 _a510
_bLexile estimate
521 8 _aK
_bRaz-Plus
650 _aPlanets
_vAstronomy
_xScience
700 _aNez, John
_eillustrator
942 _2ddc
_cBK
_n0
999 _c7196
_d7196